Statistiques concernant FC Valence - Les joueurs à plus de 100 matchs

Cliquez ici pour prendre le quiz!

Statistiques générales

  • Ce quiz a été pris 75 fois
  • Le résultat moyen est 8 sur 34

Statistiques - réponses

JoueursMatchs% Correct
José Gaya265
68%
Dani Parejo383
67%
Carlos Soler188
56%
Goncalo Guedes139
50%
Kévin Gameiro126
48%
Rodrigo220
47%
Gabriel Paulista161
39%
Diego Alves175
38%
Geoffrey Kondogbia104
30%
Paco Alcacer124
29%
Roberto Soldado141
27%
Ezequiel Garay114
26%
David Albelda485
24%
Daniel Wass134
23%
Jordi Alba110
23%
Juan Mata174
21%
Sofiane Feghouli203
20%
Joaquin218
18%
Ever Banega185
15%
Jérémy Mathieu177
15%
Santi Mina150
15%
Jonas157
14%
Pablo Piatti162
14%
Denis Cheryshev106
12%
Ricardo Costa123
11%
Tino Costa117
11%
Vicente340
11%
Antonio Barragan151
6%
Javi Fuego114
6%
Miguel241
6%
Pablo Hernandez Dominguez158
5%
Vicente Guaita137
5%
Hedwiges Maduro113
2%
David Navarro146
0%

Distribution des résultats

Percentile par nombre de réponses

% des personnes avec chaque résultat

Votre développement - résultats

Vous n’avez pas pris ce quiz